LEADER 01619nam0 22003373i 450 001 VAN0244235 005 20220404091243.639 017 70$2N$a9783030494681 100 $a20220404d2020 |0itac50 ba 101 $aeng 102 $aCH 105 $a|||| ||||| 200 1 $aMinerals: Structure, Properties, Methods of Investigation$eProceedings of the 10th All-Russian Youth Scientific Conference$feditors Sergei Votyakov ... [et al.] 210 $aCham$cSpringer$d2020 215 $aXVI, 303 p.$cill.$d24 cm 410 1$1001VAN0219201$12001 $aSpringer Proceedings in Earth and Environmental Sciences$1210 $aCham$cSpringer$d2019- 620 $aCH$dCham$3VANL001889 676 $a551.9$cGeochimica$v22 676 $a550$cScienze della terra e geologia - Geofisica$v22 676 $a543$cChimica analitica$v22 676 $a549$cMineralogia$v22 702 1$aVotyakov$bSergei$3VANV194362 712 $aSpringer $3VANV108073$4650 801 $aIT$bSOL$c20240614$gRICA 856 4 $uhttps://rd.springer.com/book/10.1007/978-3-030-49468-1$zE-book - Accesso al full-text attraverso riconoscimento IP di Ateneo, proxy e/o Shibboleth 899 $aBIBLIOTECA DEL DIPARTIMENTO DI SCIENZE E TECNOLOGIE AMBIENTALI BIOLOGICHE E FARMACEUTICHE$1IT-CE0101$2VAN17 912 $fN 912 $aVAN0244235 950 $aBIBLIOTECA DEL DIPARTIMENTO DI SCIENZE E TECNOLOGIE AMBIENTALI BIOLOGICHE E FARMACEUTICHE$d17CONS e-book 2221 $e17BIB2221/180 180 20220404 996 $aMinerals: Structure, Properties, Methods of Investigation$92000236 997 $aUNICAMPANIA LEADER 01874nas 2200577-a 450 001 9910132020203321 005 20260218112148.0 011 $a1807-0175 035 $a(CKB)110978978733993 035 $a(CONSER)sf-94090812- 035 $a(DE-599)ZDB2120044-0 035 $a(DE-599)2120044-0 035 $a(EXLCZ)99110978978733993 100 $a19850423a19849999 --- b 101 0 $apor 181 $ctxt$2rdacontent 182 $cc$2rdamedia 183 $acr$2rdacarrier 200 00$aLua nova 210 $a[São Paulo] $cEditora Brasiliense$d1984- 215 $a1 online resource 300 $aTitle from cover. 300 $a"Cultura e política." 300 $aRefereed/Peer-reviewed 311 08$aPrint version: Lua nova. (DLC)sf 94090812 (OCoLC)11952189 0102-6445 517 1 $aRevista de cultura e política 531 $aLUA NOVA CULTURA E POLITICA 606 $aIntellectual life$2fast$3(OCoLC)fst00975769 606 $aPolitics and government$2fast$3(OCoLC)fst01919741 606 $aSocial conditions$2fast$3(OCoLC)fst01919811 606 $aCultuur$2gtt 606 $aPolitiek$2gtt 607 $aBrazil$xPolitics and government$y1964-1985$vPeriodicals 607 $aBrazil$xPolitics and government$y1985-$vPeriodicals 607 $aBrazil$xSocial conditions$y1985-$vPeriodicals 607 $aBrazil$xIntellectual life$y20th century$vPeriodicals 607 $aBrazil$2fast 608 $aPeriodicals.$2fast 608 $aPeriodicals.$2lcgft 615 7$aIntellectual life. 615 7$aPolitics and government. 615 7$aSocial conditions. 615 17$aCultuur. 615 17$aPolitiek. 676 $a981.005 712 02$aCentro de Estudos de Cultura Contempora?nea, 906 $aJOURNAL 912 $a9910132020203321 920 $aexl_impl conversion 996 $aLua nova$92140029 997 $aUNINA